[Event "ESP-ch U14 Rapid"]
[Site "Salobrena"]
[Date "2022.07.24"]
[Round "7"]
[White "Conon, Catalin"]
[Black "Martinez Rodriguez, Francisco Salvador"]
[Result "0-1"]
[WhiteElo "1648"]
[BlackElo "1762"]
[PlyCount "122"]
[EventDate "2022.07.23"]
[EventType "swiss (rapid)"]
[EventRounds "9"]
[EventCountry "ESP"]
[SourceTitle "EXT 2023"]
[Source "ChessBase"]
[SourceDate "2022.10.05"]
[SourceVersion "1"]
[SourceVersionDate "2022.10.05"]
[SourceQuality "1"]

1. e4 e5 2. Nf3 Nc6 3. Bc4 Bc5 4. c3 Nf6 5. d4 exd4 6. e5 d5 7. Bb5 Ne4 8. cxd4 Bb6 9. Nc3 Nxc3 10. bxc3 0-0 11. 0-0 h6 12. h3 Bf5 13. Ba3 Re8 14. Bd3 Qd7 15. Qc2 Ne7 16. Bxe7 Bxd3 17. Qxd3 Qxe7 18. Rfe1 Rac8 19. a4 Ba5 20. Rac1 c5 21. e6 fxe6 22. Ne5 Bc7 23. dxc5 Bxe5 24. Rxe5 Qxc5 25. Qg6 Qe7 26. Rce1 Qf7 27. Qg4 Rxc3 28. Qd4 Rc4 29. Qxa7 Qd7 30. a5 Rc6 31. Qd4 Ra6 32. Rxd5 exd5 33. Rc1 Rae6 34. Rc5 Qd6 35. g3 Re4 36. Qxd5+ Qxd5 37. Rxd5 R4e5 38. Rd7 R8e7 39. Rd8+ Kh7 40. Ra8 Rb5 41. Kg2 Ree5 42. a6 bxa6 43. Rxa6 Rb2 44. Ra3 Ree2 45. Rf3 Kg6 46. g4 Re1 47. Ra3 Rb6 48. Ra5 Re2 49. Ra3 Rf6 50. Rf3 Rxf3 51. Kxf3 Rb2 52. Kg3 h5 53. f3 hxg4 54. hxg4 Rb3 55. Kf4 Kf6 56. g5+ Kg6 57. Kg4 Rb4+ 58. f4 Rb1 59. Kf3 Kf5 60. Ke3 Rb4 61. Kd3 Rxf4 0-1

[Event "ESP-ch U14"]
[Site "Salobrena"]
[Date "2022.07.22"]
[Round "8"]
[White "Conon, Catalin"]
[Black "Bethencourt Hernandez, Alberto"]
[Result "1/2-1/2"]
[WhiteElo "1790"]
[BlackElo "1681"]
[PlyCount "152"]
[EventDate "2022.07.18"]
[EventType "swiss"]
[EventRounds "9"]
[EventCountry "ESP"]
[SourceTitle "EXT 2023"]
[Source "ChessBase"]
[SourceDate "2022.10.05"]
[SourceVersion "1"]
[SourceVersionDate "2022.10.05"]
[SourceQuality "1"]

1. e4 c5 2. Nf3 Nc6 3. d4 cxd4 4. Nxd4 g6 5. Nc3 Bg7 6. Be3 Nf6 7. Bc4 0-0 8. Bb3 d6 9. f3 Bd7 10. Qd2 Rc8 11. 0-0-0 Ne5 12. Kb1 Nc4 13. Bxc4 Rxc4 14. g4 b5 15. b3 Rc8 16. Rdg1 b4 17. Nd1 a5 18. Bh6 Qc7 19. Bxg7 Kxg7 20. h4 d5 21. h5 dxe4 22. hxg6 fxg6 23. Qh6+ Kg8 24. g5 Nh5 25. Rxh5 Rf7 26. Rh2 Qc5 27. Rd2 e5 28. Nf2 exd4 29. Nxe4 Qf8 30. Qxf8+ Rcxf8 31. Nf6+ Rxf6 32. gxf6 Rxf6 33. Rxd4 Be6 34. f4 h5 35. Kc1 Kf7 36. Kd2 Bf5 37. Rc4 Rd6+ 38. Ke3 h4 39. Rc5 h3 40. Rh1 Re6+ 41. Re5 Rc6 42. Rh2 Rc3+ 43. Kd4 a4 44. bxa4 Ra3 45. Rb5 Rxa4 46. Ke5 Rxa2 47. Rb7+ Kg8 48. Rd2 Ra8 49. Rxb4 Kg7 50. Rh2 Ra2 51. Rb7+ Kh6 52. Rb3 Kh5 53. Rhxh3+ Bxh3 54. Rxh3+ Kg4 55. Rh6 Ra5+ 56. Ke4 Ra4+ 57. Ke3 Kf5 58. Rh8 Re4+ 59. Kf3 Rxf4+ 60. Kg3 Rc4 61. Rf8+ Kg5 62. Rf2 Rc3+ 63. Kg2 Kg4 64. Rd2 g5 65. Rd4+ Kh5 66. Rd2 Kh4 67. Re2 g4 68. Rd2 g3 69. Rd4+ Kg5 70. Rd3 Rxc2+ 71. Kxg3 Rc4 72. Rd5+ Kf6 73. Rb5 Ra4 74. Kf3 Rc4 75. Ke3 Ra4 76. Rc5 Rb4 1/2-1/2

[Event "ESP-ch U14"]
[Site "Salobrena"]
[Date "2022.07.20"]
[Round "4"]
[White "Gomez Aguirre, Juan Alberto"]
[Black "Conon, Catalin"]
[Result "1/2-1/2"]
[WhiteElo "2169"]
[BlackElo "1790"]
[PlyCount "196"]
[EventDate "2022.07.18"]
[EventType "swiss"]
[EventRounds "9"]
[EventCountry "ESP"]
[SourceTitle "EXT 2023"]
[Source "ChessBase"]
[SourceDate "2022.10.05"]
[SourceVersion "1"]
[SourceVersionDate "2022.10.05"]
[SourceQuality "1"]

1. d4 d5 2. c4 c6 3. cxd5 cxd5 4. Bf4 Nf6 5. Nc3 Nc6 6. e3 a6 7. Be2 Bf5 8. Nf3 e6 9. Qb3 Bd6 10. Bxd6 Qxd6 11. Qxb7 0-0 12. Qb3 Rfb8 13. Qa3 Qxa3 14. bxa3 Na5 15. Ne5 Ne4 16. Na4 Nd6 17. Nd7 Rd8 18. Ndb6 Ra7 19. Rc1 Nb5 20. 0-0 Nxa3 21. Rc5 N5c4 22. Nxc4 dxc4 23. Nb2 h6 24. Nxc4 Nxc4 25. Bxc4 Rb8 26. Ra5 Rb2 27. Rxa6 Rxa6 28. Bxa6 Rxa2 29. Bb7 Rb2 30. Bf3 Bd3 31. Rd1 Be2 32. Bxe2 Rxe2 33. g4 Kf8 34. Kg2 Ke7 35. Kf3 Ra2 36. h4 Ra5 37. Rc1 Kf6 38. Rc5 Ra2 39. Rc6 Ra5 40. Rc5 Ra2 41. Kg3 Ra3 42. Rc6 Rd3 43. Rc5 Ra3 44. Re5 Ke7 45. Rb5 Kf6 46. Rb7 Rc3 47. Kf4 g5+ 48. Kg3 Ra3 49. Rb8 Ra1 50. hxg5+ hxg5 51. Rb6 Rd1 52. Kf3 Rd2 53. Rb3 Rd1 54. Ke4 Rg1 55. f3 Rg2 56. Rb6 Ke7 57. d5 exd5+ 58. Kxd5 Ra2 59. Rc6 Ra3 60. Kd4 f6 61. Rc4 Ke6 62. Rc6+ Ke7 63. Ke4 Ra5 64. Rb6 Kf7 65. Rd6 Re5+ 66. Kd4 Ra5 67. Rb6 Ke7 68. Kd3 Ra4 69. Rc6 Kf7 70. Rc4 Ra6 71. f4 gxf4 72. exf4 Kg6 73. Ke4 Ra3 74. Rc7 Ra4+ 75. Kf3 Ra3+ 76. Kf2 Rb3 77. Re7 Ra3 78. Re3 Ra2+ 79. Kg3 Ra7 80. Re6 Kf7 81. Rb6 Rc7 82. Kh4 Kg7 83. g5 fxg5+ 84. Kxg5 Rc1 85. Rb7+ Kf8 86. f5 Rc6 87. Rh7 Kg8 88. Rh1 Kf7 89. Ra1 Rb6 90. Ra7+ Kf8 91. f6 Rb1 92. Ra5 Rg1+ 93. Kf5 Rf1+ 94. Ke6 Re1+ 95. Re5 Rxe5+ 96. Kxe5 Kf7 97. Kf5 Kf8 98. Kg6 Kg8 1/2-1/2

[Event "Aragon-chT Honor Gr II"]
[Site "Aragon"]
[Date "2022.02.05"]
[Round "2.32"]
[White "Conon, Catalin"]
[Black "Fabre Perez, Jose Maria"]
[Result "0-1"]
[WhiteElo "1887"]
[BlackElo "2009"]
[PlyCount "104"]
[EventDate "2022.01.29"]
[EventType "team-tourn"]
[EventRounds "7"]
[EventCountry "ESP"]
[SourceTitle "EXT 2024"]
[Source "ChessBase"]
[SourceDate "2023.10.10"]
[SourceVersion "1"]
[SourceVersionDate "2023.10.10"]
[SourceQuality "1"]
[WhiteTeam "Agrupacion"]
[BlackTeam "Delicias"]
[WhiteTeamCountry "ESP"]
[BlackTeamCountry "ESP"]

1. d4 g6 2. c4 Nf6 3. Nc3 Bg7 4. e4 d6 5. h3 0-0 6. Be3 c5 7. d5 b5 8. cxb5 a6 9. Qd2 axb5 10. Bxb5 Ba6 11. Bxa6 Rxa6 12. Nge2 Nbd7 13. Bh6 Bxh6 14. Qxh6 Qb6 15. b3 Qb4 16. Qe3 e6 17. 0-0 exd5 18. exd5 Re8 19. Qf4 Re5 20. Rad1 Kg7 21. Qc1 Nb6 22. f4 Re7 23. f5 Re5 24. Rf4 Qa3 25. Qa1 g5 26. Rf2 Qb4 27. Nc1 Re3 28. N1e2 Re5 29. Nc1 c4 30. Rd4 Re1+ 31. Rf1 Qc5 32. N3e2 Rxf1+ 33. Kxf1 Nbxd5 34. bxc4 Ne3+ 35. Kg1 Nc2 36. Qc3 Nxd4 37. Qxd4 Qxd4+ 38. Nxd4 Ra4 39. Ncb3 Rxc4 40. Nb5 Ne4 41. N3d4 Kf6 42. g4 Nc3 43. Kf2 Nxb5 44. Nxb5 Ke5 45. Ke3 Ra4 46. a3 Ra5 47. a4 Rxa4 48. Nc7 Ra3+ 49. Kf2 Rxh3 50. Na6 Kf4 51. Nb4 Kxg4 52. f6 Rf3+ 0-1

[Event "ESP-ch U14"]
[Site "Salobrena"]
[Date "2021.07.14"]
[Round "5"]
[White "Serrano Almendros, Angel"]
[Black "Conon, Catalin"]
[Result "1/2-1/2"]
[WhiteElo "2110"]
[BlackElo "1746"]
[PlyCount "51"]
[EventDate "2021.07.12"]
[EventType "swiss"]
[EventRounds "9"]
[EventCountry "ESP"]
[SourceTitle "EXT 2022"]
[Source "ChessBase"]
[SourceDate "2021.10.06"]
[SourceVersion "1"]
[SourceVersionDate "2021.10.06"]
[SourceQuality "1"]

1. d4 d5 2. c4 c6 3. cxd5 cxd5 4. Nc3 Nf6 5. Bf4 Nc6 6. e3 a6 7. Rc1 Bf5 8. Qb3 Ra7 9. Nf3 e6 10. Ne5 Nxe5 11. dxe5 Nd7 12. Qa4 Ra8 13. Be2 Be7 14. 0-0 0-0 15. Bf3 Nc5 16. Qd1 Nd3 17. Ra1 Nxb2 18. Qb3 Nc4 19. Rad1 Qb6 20. Ne2 Kh8 21. Kh1 Kg8 22. Kg1 Kh8 23. Kh1 Kg8 24. Kg1 Kh8 25. Kh1 Kg8 26. Kg1 1/2-1/2

[Event "ESP-ch U14"]
[Site "Salobrena"]
[Date "2021.07.13"]
[Round "3"]
[White "Conon, Catalin"]
[Black "Diaz Mino, Daniel"]
[Result "1-0"]
[WhiteElo "1746"]
[BlackElo "1979"]
[PlyCount "153"]
[EventDate "2021.07.12"]
[EventType "swiss"]
[EventRounds "9"]
[EventCountry "ESP"]
[SourceTitle "EXT 2022"]
[Source "ChessBase"]
[SourceDate "2021.10.06"]
[SourceVersion "1"]
[SourceVersionDate "2021.10.06"]
[SourceQuality "1"]

1. e4 c5 2. Nf3 d6 3. Bb5+ Bd7 4. Bxd7+ Qxd7 5. 0-0 Nf6 6. Re1 Nc6 7. c4 g6 8. d4 cxd4 9. Nxd4 Bg7 10. f3 Rc8 11. Nxc6 Qxc6 12. Na3 Nd7 13. Rb1 Nb6 14. b3 Qc5+ 15. Kh1 Qa5 16. Qe2 0-0 17. Bb2 Bxb2 18. Qxb2 Nd7 19. Rbd1 a6 20. b4 Qe5 21. Qb3 Nb6 22. Rc1 Rc7 23. Rc2 Rfc8 24. Rec1 Qg5 25. b5 axb5 26. Qxb5 Qxb5 27. cxb5 Rxc2 28. Rxc2 Rxc2 29. Nxc2 Na4 30. Ne3 Nc3 31. Nd5 Nxb5 32. Nxe7+ Kf8 33. Nd5 Ke8 34. Kg1 Kd7 35. Kf2 Kc6 36. Ke3 Kc5 37. Kd3 Nd4 38. Nf6 Ne6 39. Nd5 b5 40. h4 b4 41. g3 Kb5 42. Ne3 Kc5 43. Nd5 Nd8 44. Nf6 Nc6 45. f4 h5 46. Nd5 Kb5 47. Ne3 Kc5 48. Nd5 Nd8 49. Nf6 Ne6 50. Nd5 Kb5 51. Ne3 Nc5+ 52. Kd4 Na4 53. Nc4 Kc6 54. Na5+ Kb6 55. Nc4+ Kc7 56. e5 d5 57. Ne3 Kd7 58. Nxd5 Ke6 59. Nxb4 Kf5 60. Ke3 Kg4 61. Kf2 Nc3 62. Nd3 Ne4+ 63. Kg2 Nxg3 64. a4 Nf5 65. a5 Ne7 66. a6 Nc8 67. Kf2 Kxh4 68. Kf3 Kh3 69. Nf2+ Kh4 70. Ne4 Na7 71. Ng5 Nc6 72. Nxf7 g5 73. fxg5 Kh3 74. g6 h4 75. a7 Kh2 76. a8Q Nd4+ 77. Ke4 1-0

[Event "ESP-chT Regional U14"]
[Site "Gijon"]
[Date "2021.06.18"]
[Round "3.1"]
[White "Conon, Catalin"]
[Black "Garijo Perez, Hugo"]
[Result "0-1"]
[WhiteElo "1654"]
[BlackElo "1744"]
[PlyCount "84"]
[EventDate "2021.06.17"]
[EventType "team-swiss"]
[EventRounds "6"]
[EventCountry "ESP"]
[SourceTitle "EXT 2022"]
[Source "ChessBase"]
[SourceDate "2021.10.06"]
[SourceVersion "1"]
[SourceVersionDate "2021.10.06"]
[SourceQuality "1"]
[WhiteTeam "Aragon U14"]
[BlackTeam "Murcia U14"]
[WhiteTeamCountry "ESP"]
[BlackTeamCountry "ESP"]

1. e4 c5 2. Nc3 g6 3. Bc4 Nc6 4. d3 Bg7 5. a3 d6 6. f4 e6 7. Nf3 Nge7 8. 0-0 0-0 9. Qe1 d5 10. Ba2 Nd4 11. Nxd4 cxd4 12. Nd1 dxe4 13. Qxe4 Nf5 14. b4 Qb6 15. Bb2 Bd7 16. Bb3 Bc6 17. Qe2 Rfd8 18. g3 Rac8 19. Nf2 Ne3 20. Rfc1 Bd5 21. Bxd5 exd5 22. Nd1 Re8 23. Nxe3 Rxe3 24. Qf2 Qe6 25. Kf1 Qg4 26. Qg2 g5 27. Kg1 gxf4 28. gxf4 Qxg2+ 29. Kxg2 Re2+ 30. Kg3 Rcxc2 31. Rxc2 Rxc2 32. Rb1 Rd2 33. Kf3 Rxd3+ 34. Ke2 Rh3 35. f5 Rxh2+ 36. Kd3 Rh3+ 37. Kd2 h5 38. Rg1 Kh7 39. Rf1 Bf6 40. Rg1 Rf3 41. Ke2 Rxf5 42. Rd1 d3+ 0-1

[Event "Aragon-chT Honor Gr II"]
[Site "Aragon"]
[Date "2021.03.27"]
[Round "3.16"]
[White "Conon, Catalin"]
[Black "Galstyan, David"]
[Result "1/2-1/2"]
[WhiteElo "1654"]
[BlackElo "1816"]
[PlyCount "119"]
[EventDate "2021.03.13"]
[EventType "team-tourn"]
[EventRounds "7"]
[EventCountry "ESP"]
[SourceTitle "EXT 2024"]
[Source "ChessBase"]
[SourceDate "2023.10.10"]
[SourceVersion "1"]
[SourceVersionDate "2023.10.10"]
[SourceQuality "1"]
[WhiteTeam "Agrupacion"]
[BlackTeam "El Olivar"]
[WhiteTeamCountry "ESP"]
[BlackTeamCountry "ESP"]

1. e4 e5 2. Nf3 Nc6 3. Bc4 Bc5 4. c3 Nf6 5. d4 exd4 6. e5 d5 7. Bb5 Ne4 8. cxd4 Bb4+ 9. Nbd2 0-0 10. 0-0 Bg4 11. Bxc6 bxc6 12. Qc2 Nxd2 13. Nxd2 Qd7 14. a3 Bf5 15. Qd1 Be7 16. b4 a5 17. bxa5 Rxa5 18. Nb3 Ra7 19. a4 Rfa8 20. a5 Qe6 21. Ba3 Bxa3 22. Rxa3 Qg6 23. Qd2 h5 24. Qf4 Bd3 25. Rfa1 Bc4 26. Nc5 Rxa5 27. Rxa5 Rxa5 28. Re1 Ra2 29. h3 Re2 30. Rxe2 Bxe2 31. Qe3 Bb5 32. e6 fxe6 33. Nxe6 Qe4 34. Nxc7 Qxe3 35. fxe3 Kf7 36. e4 dxe4 37. d5 Ke7 38. dxc6 Bxc6 39. Kf2 Kd6 40. Na6 Ke5 41. Ke3 Bb5 42. Nc5 Bf1 43. g3 Bg2 44. Nd7+ Ke6 45. Nc5+ Kd5 46. Nd7 Bxh3 47. Nb6+ Ke5 48. Nc4+ Kf5 49. Nd6+ Kg4 50. Nxe4 Bg2 51. Nd6 Kxg3 52. Nf5+ Kg4 53. Nxg7 h4 54. Kf2 Be4 55. Ne8 Bc6 56. Nf6+ Kf4 57. Nh5+ Kg5 58. Ng3 h3 59. Kg1 Kh4 60. Kh2 1/2-1/2

[Event "Aragon-chT Preferente Gr-II"]
[Site "Aragon"]
[Date "2020.02.29"]
[Round "6.64"]
[White "Conon, Catalin"]
[Black "Moreno Antonio, Mario"]
[Result "1-0"]
[WhiteElo "1620"]
[BlackElo "1589"]
[PlyCount "86"]
[EventDate "2020.01.25"]
[EventType "team-tourn"]
[EventRounds "9"]
[EventCountry "ESP"]
[SourceTitle "EXT 2022"]
[Source "ChessBase"]
[SourceDate "2021.10.06"]
[SourceVersion "1"]
[SourceVersionDate "2021.10.06"]
[SourceQuality "1"]
[WhiteTeam "Agrupacion III"]
[BlackTeam "Helios II"]
[WhiteTeamCountry "ESP"]
[BlackTeamCountry "ESP"]

1. e4 c5 2. Nc3 Nc6 3. Bb5 a6 4. Bxc6 bxc6 5. Nf3 g6 6. 0-0 Bg7 7. d3 d6 8. Re1 Nf6 9. h3 e5 10. Be3 0-0 11. Qd2 Qe7 12. Bh6 Nh5 13. Bxg7 Kxg7 14. Ne2 Rb8 15. c3 h6 16. d4 cxd4 17. cxd4 Qf6 18. dxe5 dxe5 19. Qc2 Re8 20. Rac1 Bb7 21. Qc5 Ba8 22. b3 Rb5 23. Qe3 Rbb8 24. Rc5 Rbd8 25. Rec1 Qd6 26. Qc3 f6 27. Rxc6 Bxc6 28. Qxc6 Re6 29. Qc7+ Re7 30. Qc4 Rdd7 31. Qc5 Qxc5 32. Rxc5 Kf7 33. Ra5 Re6 34. g4 Nf4 35. Nxf4 exf4 36. e5 Rb7 37. exf6 Kxf6 38. h4 Rb5 39. Ra4 g5 40. hxg5+ hxg5 41. Nd4 Re1+ 42. Kg2 Rb6 43. Nf3 Ree6 1-0

[Event "Aragon-chT Preferente Gr-II"]
[Site "Aragon"]
[Date "2020.02.22"]
[Round "5.68"]
[White "Fabre Perez, Jose Maria"]
[Black "Conon, Catalin"]
[Result "1-0"]
[WhiteElo "2026"]
[BlackElo "1620"]
[PlyCount "79"]
[EventDate "2020.01.25"]
[EventType "team-tourn"]
[EventRounds "9"]
[EventCountry "ESP"]
[SourceTitle "EXT 2022"]
[Source "ChessBase"]
[SourceDate "2021.10.06"]
[SourceVersion "1"]
[SourceVersionDate "2021.10.06"]
[SourceQuality "1"]
[WhiteTeam "Delicias"]
[BlackTeam "Agrupacion III"]
[WhiteTeamCountry "ESP"]
[BlackTeamCountry "ESP"]

1. c4 Nf6 2. Nc3 e6 3. e4 d5 4. e5 d4 5. exf6 dxc3 6. bxc3 Qxf6 7. d4 b6 8. Nf3 h6 9. Bd3 Bb7 10. Qa4+ Bc6 11. Qc2 Bd6 12. Be4 0-0 13. g4 Bf4 14. Ba3 Bd6 15. Bc1 Bf4 16. Ba3 Bd6 17. g5 hxg5 18. Bc1 Bf4 19. Be3 Bxe3 20. fxe3 g4 21. Ne5 Qh4+ 22. Ke2 Bxe4 23. Qxe4 c6 24. Nxg4 Nd7 25. Raf1 Qh7 26. Nf2 Nf6 27. Qxh7+ Kxh7 28. e4 c5 29. e5 Ng8 30. Ne4 cxd4 31. Ng5+ Kg6 32. Rhg1 Kh5 33. Nxf7 Rxf7 34. Rxf7 dxc3 35. Rfxg7 Nh6 36. Kd3 c2 37. Kxc2 Rf8 38. R1g5+ Kh4 39. Rg2 Nf5 40. Rh7+ 1-0